États USAs ayant la plus grande population d'amérindiens - Statistiques

Statistiques générales
  • Ce quiz a été pris 239 fois
  • Le résultat moyen est 6 sur 10
Statistiques - réponses
Nombre d'Amérindiens Etat % Correct
170,972 Texas
91%
362,801 Californie
87%
193,222 Nouveau-Mexique
75%
296,529 Arizona
73%
103,869 Washington
67%
71,817 Dakota du Sud
65%
106,906 New York
54%
321,687 Oklahoma
54%
104,871 Alaska
45%
122,110 Caroline du Nord
28%
Aucun quiz correspondant
Distribution des résultats
% des personnes avec chaque résultat
Percentile par nombre de réponses
Votre historique - résultats
Vous n’avez pas pris ce quiz